| 000 | 00624nam a2200169 a 4500 | ||
|---|---|---|---|
| 008 | 200722s2015 ||||||||||||||||| || u | ||
| 020 | _a9781471829734 | ||
| 050 | _aBF 121 Gro | ||
| 100 | _aGross, Richard | ||
| 245 | 1 | 0 |
_aPsychology: The science of mind and behaviour .(7th edition). _cBy Richard Gross |
| 250 | _a7th edition | ||
| 260 |
_aLondon _bHodder Education _c2015 |
||
| 300 | _a992 page:illustrations | ||
| 350 | _a54.19 | ||
| 650 | 3 | _aPSYCHOLOGY | |
| 995 |
_FCBU-MAIN LIBRARY (Kitwe) _I54.19 _M1 _UAVAILABLE _WJul 24, 2020 _ZMain Library Open Access Collection |
||
| 999 |
_c55245 _d55245 |
||